| 000 | 01689nam a2200373 a 4500 | ||
|---|---|---|---|
| 001 | ebr10529567 | ||
| 003 | CaPaEBR | ||
| 006 | m u | ||
| 007 | cr cn||||||||| | ||
| 008 | 110902s2012 caub sb 001 0 eng d | ||
| 010 | _z 2011036187 | ||
| 020 | _z9780520266506 (alk. paper) | ||
| 020 | _z9780520952034 (e-book) | ||
| 040 |
_aCaPaEBR _cCaPaEBR |
||
| 035 | _a(OCoLC)784363722 | ||
| 043 | _aa-cc--- | ||
| 050 | 1 | 4 |
_aHB2114.A3 _bL73 2012eb |
| 082 | 0 | 4 |
_a307.2/40951 _223 |
| 100 | 1 |
_aLoyalka, Michelle Dammon, _d1972- |
|
| 245 | 1 | 0 |
_aEating bitterness _h[electronic resource] : _bstories from the front lines of China's great urban migration / _cMichelle Dammon Loyalka. |
| 260 |
_aBerkeley : _bUniversity of California Press, _c2012. |
||
| 300 |
_a264 p. : _bmap. |
||
| 500 | _a"Philip E. Lilienthal book." | ||
| 504 | _aIncludes bibliographical references and index. | ||
| 505 | 0 | _aThe veggie vendors -- The impenetrable knife sharpener -- The teenage beauty queens -- The ever-floating floater -- The landless landlords -- The nowhere nanny -- The opportunity spotter -- The big boss. | |
| 533 |
_aElectronic reproduction. _bPalo Alto, Calif. : _cebrary, _d2011. _nAvailable via World Wide Web. _nAccess may be limited to ebrary affiliated libraries. |
||
| 650 | 0 |
_aRural-urban migration _zChina _xHistory. |
|
| 650 | 0 |
_aMigration, Internal _zChina _xHistory. |
|
| 651 | 0 |
_aChina _xSocial conditions _y1976-2000. |
|
| 651 | 0 |
_aChina _xSocial conditions _y2000- |
|
| 655 | 7 |
_aElectronic books. _2local |
|
| 710 | 2 | _aebrary, Inc. | |
| 856 | 4 | 0 |
_uhttp://site.ebrary.com/lib/rucke/Doc?id=10529567 _zAn electronic book accessible through the World Wide Web; click to view |
| 999 |
_c145857 _d145857 |
||